000
00330nam a2200133Ia 4500
008
151001s9999||||xx |||||||||||||| ||und||
100
_a
वसंत सावंत
245
_a
स्वस्तिक
250
_a
1
260
_b
अंतरकर आ.अ.
260
_c
1982
300
_a
80
365
_b
21
999
_c
964474
_d
964471